000
00278nam a2200133Ia 4500
100
_a
Piskunov/N
942
_c
BK
654
_a
calculus
245
_a
Differential & Integral Calculus
260
_b
Mir Publishers
_c
2001
082
_a
515
300
_a
895
546
_a
ENGLISH
999
_c
25328
_d
25328